Postacie z Star Wars - Statystyki

Ogólne statystyki
  • Ten quiz został rozwiązany 470 razy
  • Średni wynik to 4 z 14
Statystyki odpowiedzi
Hint Odpowiedź % Poprawnych
Najlepszy łowca nagród w galatyce. Boba Fett
81%
Miał podwójny miecz. Darth Maul
80%
Został mocno porażony piorunami przez Palpatine'a a potem spadł. Mace Windu
63%
Klon, CT-7567. Nie posłuchał rozkazu 66. Kapitan Rex
41%
Chciał zająć tron Snoke'a, lecz Kylo Ren mu przeszkodził. Generał Hux
26%
Raz zdradził jego kolege Hana Solo. Lando Calrissian
25%
Marionetka Palpatine'a Snoke
20%
Pare sekund po podaniu Obi Wanowi jego miecza, kazał w niego strzelić. Komandor Cody
15%
Yoda odciął mu głowe. Komandor Gree
12%
Bardziej wyszkoleni szturmowcy. Ochroniarze dla bardziej znaczących oficerów imperium. Szturmowcy Śmierci
9%
Najkrócej występujący oddział szturmowców. Było ich dużo. Szturmowcy Sithów
5%
Zajął miejsce Generała Huxa w TROS. Generał Pryde
3%
Pochodzący z planety Eriadu, jeden z najbardziej wpływowych przywódców Imperium Galaktycznego Wilhuff Tarkin
2%
Jeden z najlepszych statków Republiki Kanonierka Republiki
1%
Nie znaleziono quizów pasujących do podanych kryteriów
Rozkład punktacji
Procent ludzi z każdym wynikiem
Percentyl według liczby udzielonych odpowiedzi
Twoja historia wyników
Nie rozwiązałeś tego quizu